<?xml version="1.0" encoding="UTF-8"?>
<record
    xmlns:xsi="http://www.w3.org/2001/XMLSchema-instance"
    xsi:schemaLocation="http://www.loc.gov/MARC21/slim http://www.loc.gov/standards/marcxml/schema/MARC21slim.xsd"
    xmlns="http://www.loc.gov/MARC21/slim">

  <leader>00815nam a22001577a 4500</leader>
  <controlfield tag="003">OSt</controlfield>
  <controlfield tag="005">20160629100606.0</controlfield>
  <controlfield tag="008">160629b        xxu||||| |||| 00| 0 eng d</controlfield>
  <datafield tag="040" ind1=" " ind2=" ">
    <subfield code="c">RUA</subfield>
  </datafield>
  <datafield tag="082" ind1=" " ind2=" ">
    <subfield code="a">VEM HOK 2015 B481 Or.1</subfield>
  </datafield>
  <datafield tag="100" ind1=" " ind2=" ">
    <subfield code="9">8516</subfield>
    <subfield code="a">HOK SOKNEOU; &#x17A0;&#x17BB;&#x1780; &#x179F;&#x17BB;&#x1781;&#x1793;&#x17C5;</subfield>
  </datafield>
  <datafield tag="245" ind1=" " ind2=" ">
    <subfield code="a">Study on new castle disease of native chicken and theirs antibodies by ha and hi test at triel commune, baray district, kampong thom province, &#x1780;&#x17B6;&#x179A;&#x179F;&#x17B7;&#x1780;&#x17D2;&#x179F;&#x17B6;&#x179B;&#x17BE;&#x1787;&#x17C6;&#x1784;&#x17BA;&#x1789;&#x17C9;&#x17BC;&#x179C;&#x1780;&#x17B6;&#x179F;&#x179A;&#x1794;&#x179F;&#x17CB;&#x1798;&#x17B6;&#x1793;&#x17CB;&#x179F;&#x17D2;&#x179A;&#x17C2; &#x1793;&#x17B7;&#x1784;&#x17A2;&#x1784;&#x17CB;&#x1791;&#x17B8;&#x1782;&#x17D0;&#x179A;&#x179A;&#x1794;&#x179F;&#x17CB;&#x179C;&#x17B6;&#x178F;&#x17B6;&#x1798;&#x179A;&#x1799;&#x17C8; HA &#x1793;&#x17B7;&#x1784; HI TEST  &#x1793;&#x17C5;&#x1783;&#x17BB;&#x17C6;&#x1791;&#x17D2;&#x179A;&#x17C0;&#x179B; &#x179F;&#x17D2;&#x179A;&#x17BB;&#x1780;&#x1794;&#x17B6;&#x179A;&#x17B6;&#x1799;&#x178E;&#x17CD; &#x1781;&#x17C1;&#x178F;&#x17D2;&#x178F;&#x1792;&#x17C6;</subfield>
  </datafield>
  <datafield tag="260" ind1=" " ind2=" ">
    <subfield code="a">Phnom Penh</subfield>
    <subfield code="b">RUA</subfield>
    <subfield code="c">2015</subfield>
  </datafield>
  <datafield tag="300" ind1=" " ind2=" ">
    <subfield code="a">ix,37p.</subfield>
    <subfield code="b">ill.</subfield>
    <subfield code="c">29cm.</subfield>
  </datafield>
  <datafield tag="942" ind1=" " ind2=" ">
    <subfield code="2">ddc</subfield>
    <subfield code="c">VEM</subfield>
  </datafield>
  <datafield tag="999" ind1=" " ind2=" ">
    <subfield code="c">8164</subfield>
    <subfield code="d">8164</subfield>
  </datafield>
  <datafield tag="952" ind1=" " ind2=" ">
    <subfield code="0">0</subfield>
    <subfield code="1">0</subfield>
    <subfield code="2">ddc</subfield>
    <subfield code="4">0</subfield>
    <subfield code="6">VEM_HOK_2015_000000000000000_B481_OR_1</subfield>
    <subfield code="7">0</subfield>
    <subfield code="9">46654</subfield>
    <subfield code="a">LBB</subfield>
    <subfield code="b">LBB</subfield>
    <subfield code="c">B481</subfield>
    <subfield code="d">2016-06-29</subfield>
    <subfield code="o">VEM HOK 2015 B481 Or.1</subfield>
    <subfield code="p">RUA053698</subfield>
    <subfield code="r">2016-06-29</subfield>
    <subfield code="w">2016-06-29</subfield>
    <subfield code="y">VEM</subfield>
  </datafield>
  <datafield tag="952" ind1=" " ind2=" ">
    <subfield code="0">0</subfield>
    <subfield code="1">0</subfield>
    <subfield code="2">ddc</subfield>
    <subfield code="4">0</subfield>
    <subfield code="6">VEM_HOK_2015_000000000000000_B481_OR_2</subfield>
    <subfield code="7">0</subfield>
    <subfield code="9">46655</subfield>
    <subfield code="a">LBB</subfield>
    <subfield code="b">LBB</subfield>
    <subfield code="c">B481</subfield>
    <subfield code="d">2016-06-29</subfield>
    <subfield code="o">VEM HOK 2015 B481 Or.2</subfield>
    <subfield code="p">RUA53843</subfield>
    <subfield code="r">2016-06-29</subfield>
    <subfield code="w">2016-06-29</subfield>
    <subfield code="y">VEM</subfield>
  </datafield>
  <datafield tag="952" ind1=" " ind2=" ">
    <subfield code="0">0</subfield>
    <subfield code="1">0</subfield>
    <subfield code="2">ddc</subfield>
    <subfield code="4">0</subfield>
    <subfield code="6">VEM_HOK_2015_000000000000000_B481_OR_3</subfield>
    <subfield code="7">0</subfield>
    <subfield code="9">46656</subfield>
    <subfield code="a">LBB</subfield>
    <subfield code="b">LBB</subfield>
    <subfield code="c">B481</subfield>
    <subfield code="d">2016-06-29</subfield>
    <subfield code="o">VEM HOK 2015 B481 Or.3</subfield>
    <subfield code="p">RUA053699</subfield>
    <subfield code="r">2016-06-29</subfield>
    <subfield code="w">2016-06-29</subfield>
    <subfield code="y">VEM</subfield>
  </datafield>
  <datafield tag="952" ind1=" " ind2=" ">
    <subfield code="0">0</subfield>
    <subfield code="1">0</subfield>
    <subfield code="2">ddc</subfield>
    <subfield code="4">0</subfield>
    <subfield code="6">VEM_HOK_2015_000000000000000_B481_OR_4</subfield>
    <subfield code="7">0</subfield>
    <subfield code="9">46657</subfield>
    <subfield code="a">LBB</subfield>
    <subfield code="b">LBB</subfield>
    <subfield code="c">B481</subfield>
    <subfield code="d">2016-06-29</subfield>
    <subfield code="o">VEM HOK 2015 B481 Or.4</subfield>
    <subfield code="p">RUA053529</subfield>
    <subfield code="r">2016-06-29</subfield>
    <subfield code="w">2016-06-29</subfield>
    <subfield code="y">VEM</subfield>
  </datafield>
  <datafield tag="952" ind1=" " ind2=" ">
    <subfield code="0">0</subfield>
    <subfield code="1">0</subfield>
    <subfield code="2">ddc</subfield>
    <subfield code="4">0</subfield>
    <subfield code="6">VEM_HOK_2015_000000000000000_B481_OR_5</subfield>
    <subfield code="7">0</subfield>
    <subfield code="9">46658</subfield>
    <subfield code="a">LBB</subfield>
    <subfield code="b">LBB</subfield>
    <subfield code="c">B481</subfield>
    <subfield code="d">2016-06-29</subfield>
    <subfield code="l">1</subfield>
    <subfield code="o">VEM HOK 2015 B481 Or.5</subfield>
    <subfield code="p">RUA057873</subfield>
    <subfield code="r">2017-08-07</subfield>
    <subfield code="s">2017-07-25</subfield>
    <subfield code="w">2016-06-29</subfield>
    <subfield code="y">VEM</subfield>
  </datafield>
  <datafield tag="952" ind1=" " ind2=" ">
    <subfield code="0">0</subfield>
    <subfield code="1">0</subfield>
    <subfield code="2">ddc</subfield>
    <subfield code="4">0</subfield>
    <subfield code="6">VEM_HOK_2015_000000000000000_B481_OR_6</subfield>
    <subfield code="7">0</subfield>
    <subfield code="9">46659</subfield>
    <subfield code="a">LBB</subfield>
    <subfield code="b">LBB</subfield>
    <subfield code="c">B481</subfield>
    <subfield code="d">2016-06-29</subfield>
    <subfield code="o">VEM HOK 2015 B481 Or.6</subfield>
    <subfield code="p">RUA53835</subfield>
    <subfield code="r">2016-06-29</subfield>
    <subfield code="w">2016-06-29</subfield>
    <subfield code="y">VEM</subfield>
  </datafield>
  <datafield tag="952" ind1=" " ind2=" ">
    <subfield code="0">0</subfield>
    <subfield code="1">0</subfield>
    <subfield code="2">ddc</subfield>
    <subfield code="4">0</subfield>
    <subfield code="6">VEM_HOK_2015_000000000000000_B481_OR_7</subfield>
    <subfield code="7">0</subfield>
    <subfield code="9">46660</subfield>
    <subfield code="a">LBB</subfield>
    <subfield code="b">LBB</subfield>
    <subfield code="c">B481</subfield>
    <subfield code="d">2016-06-29</subfield>
    <subfield code="o">VEM HOK 2015 B481 Or.7</subfield>
    <subfield code="p">RUA53833</subfield>
    <subfield code="r">2016-06-29</subfield>
    <subfield code="w">2016-06-29</subfield>
    <subfield code="y">VEM</subfield>
  </datafield>
  <datafield tag="952" ind1=" " ind2=" ">
    <subfield code="0">0</subfield>
    <subfield code="1">0</subfield>
    <subfield code="2">ddc</subfield>
    <subfield code="4">0</subfield>
    <subfield code="6">VEM_HOK_2015_000000000000000_B481_OR_8</subfield>
    <subfield code="7">0</subfield>
    <subfield code="9">46661</subfield>
    <subfield code="a">LBB</subfield>
    <subfield code="b">LBB</subfield>
    <subfield code="c">B481</subfield>
    <subfield code="d">2016-06-29</subfield>
    <subfield code="o">VEM HOK 2015 B481 Or.8</subfield>
    <subfield code="p">RUA053811</subfield>
    <subfield code="r">2016-06-29</subfield>
    <subfield code="w">2016-06-29</subfield>
    <subfield code="y">VEM</subfield>
  </datafield>
  <datafield tag="952" ind1=" " ind2=" ">
    <subfield code="0">0</subfield>
    <subfield code="1">0</subfield>
    <subfield code="2">ddc</subfield>
    <subfield code="4">0</subfield>
    <subfield code="6">VEM_HOK_2015_000000000000000_B481_OR_9</subfield>
    <subfield code="7">0</subfield>
    <subfield code="9">46662</subfield>
    <subfield code="a">LBB</subfield>
    <subfield code="b">LBB</subfield>
    <subfield code="d">2016-06-29</subfield>
    <subfield code="o">VEM HOK 2015 B481 Or.9</subfield>
    <subfield code="p">RUA051871</subfield>
    <subfield code="r">2016-06-29</subfield>
    <subfield code="w">2016-06-29</subfield>
    <subfield code="y">VEM</subfield>
  </datafield>
  <datafield tag="952" ind1=" " ind2=" ">
    <subfield code="0">0</subfield>
    <subfield code="1">0</subfield>
    <subfield code="2">ddc</subfield>
    <subfield code="4">0</subfield>
    <subfield code="6">VEM_HOK_2015_000000000000000_B690_OR_1</subfield>
    <subfield code="7">0</subfield>
    <subfield code="9">87350</subfield>
    <subfield code="a">LBB</subfield>
    <subfield code="b">LBB</subfield>
    <subfield code="c">B690</subfield>
    <subfield code="d">2021-11-10</subfield>
    <subfield code="o">VEM HOK 2015 B690  Or.1</subfield>
    <subfield code="p">a066027</subfield>
    <subfield code="r">2021-11-10</subfield>
    <subfield code="w">2021-11-10</subfield>
    <subfield code="y">VEM</subfield>
  </datafield>
  <datafield tag="952" ind1=" " ind2=" ">
    <subfield code="0">0</subfield>
    <subfield code="1">0</subfield>
    <subfield code="2">ddc</subfield>
    <subfield code="4">0</subfield>
    <subfield code="6">VEM_HOK_2015_000000000000000_B692_OR_1</subfield>
    <subfield code="7">0</subfield>
    <subfield code="9">87486</subfield>
    <subfield code="a">LBB</subfield>
    <subfield code="b">LBB</subfield>
    <subfield code="c">B692</subfield>
    <subfield code="d">2021-11-15</subfield>
    <subfield code="l">2</subfield>
    <subfield code="o">VEM HOK 2015 B692 Or.1</subfield>
    <subfield code="p">A066202</subfield>
    <subfield code="r">2024-10-21</subfield>
    <subfield code="s">2024-07-01</subfield>
    <subfield code="w">2021-11-15</subfield>
    <subfield code="y">VEM</subfield>
  </datafield>
</record>
